சமுத்திரத்திலிருந்து எழும் நகரம் /
Samuththirathilirunthu elum nakaram
Saved in:
| Format: | Book |
|---|---|
| Published: |
கொழும்பு :
CHEC போர்ட் சிற்றி கொழும்பு (பிரைவட்) லிமிற்றட்,
2022.
|
| Tags: |
Add Tag
No Tags, Be the first to tag this record!
|
MARC
| LEADER | 00000nam a22000007a 4500 | ||
|---|---|---|---|
| 003 | LK-CoNLD | ||
| 005 | 20260109102103.0 | ||
| 008 | 251122b |||||||| |||| 00| 0 ||| d | ||
| 017 | |b LK-CoDNA | ||
| 020 | |a 9786246303006 | ||
| 040 | |a LK-CoNLD |b TAM |c LK-CoNLD |d LK-CoNLD | ||
| 082 | |2 23 |q LK-CoNLD | ||
| 245 | |6 880-1 |a சமுத்திரத்திலிருந்து எழும் நகரம் / |c யுஎ எகிங குயி யாங ஜியாங சியாயோ ; மொழி. ஆசாத் அலி. | ||
| 260 | |a கொழும்பு : |b CHEC போர்ட் சிற்றி கொழும்பு (பிரைவட்) லிமிற்றட், |c 2022. | ||
| 300 | |a ப. iii, 31 ; | ||
| 500 | |a 34x2.60 = [Rs. 88.40] | ||
| 880 | |6 245-1 |a Samuththirathilirunthu elum nakaram | ||
| 942 | |c BOOK | ||
| 945 | |a 1963 |b Rajaratnam LISHVINI |c 22 |d Logeshwary RAMASAMY | ||
| 999 | |c 294498 |d 294498 | ||